[Event "TP Chess Masters 2025"]
[Site "Ghent BEL"]
[Date "2025.07.19"]
[Round "1.1"]
[White "Dgebuadze, Alexandre"]
[Black "Pijpers, Arthur"]
[Result "0-1"]
[WhiteTitle "GM"]
[BlackTitle "IM"]
[WhiteElo "2396"]
[BlackElo "2500"]
[WhiteFideId "203882"]
[BlackFideId "1019554"]
[EventDate "2025.07.19"]

1. d4 Nf6 2. Nf3 g6 3. g3 Bg7 4. Bg2 c5 5. dxc5 Qa5+ 6. Nfd2 Qxc5 7. Nc3 O-O 8.
Nb3 Qc7 9. Bg5 Qd8 10. Qd2 Nc6 11. Bh6 Bxh6 12. Qxh6 a5 13. a4 Qb6 14. O-O d6
15. Rab1 Nb4 16. Nd2 Nxc2 17. Nde4 Nxe4 18. Nd5 Qd8 19. Bxe4 Nd4 20. e3 Bf5 21.
Qh4 Bxe4 22. Qxe4 Nc6 23. Qf4 e6 24. Nc3 d5 25. Rfd1 Qe7 26. h4 Rad8 27. h5 g5
28. Qf3 Ne5 29. Qh1 Qf6 30. Ne2 Nf3+ 31. Kf1 Rc8 32. Rbc1 g4 33. h6 Qf5 34. Nd4
Qd3+ 35. Rxd3 Rxc1+ 36. Kg2 Ne1+ 37. Qxe1 Rxe1 38. Rb3 Ra1 39. Rxb7 Rxa4 40. Ra7
Rb4 41. b3 Rb6 42. Rxa5 Rfb8 43. b4 Kf8 44. b5 e5 45. Nc6 Rxb5 46. Nxb8 Rxa5 47.
Nd7+ Ke7 48. Nxe5 Ra4 49. Nd3 Kf6 50. Nc5 Rb4 51. Nd7+ Ke7 52. Ne5 Ke6 53. Nc6
Ra4 54. Nd8+ Kf6 55. Nc6 Kg5 56. Ne5 f6 57. Nd7 Ra6 58. Nc5 Rc6 59. Nd3 Kxh6 60.
Nf4 Rd6 61. Kf1 Kg5 62. Ke2 Kf5 63. Kd3 Ke5 64. Kd2 Ke4 0-1

[Event "TP Chess Masters 2025"]
[Site "Ghent BEL"]
[Date "2025.07.19"]
[Round "1.2"]
[White "Grutter, Tim"]
[Black "Victor, Julian"]
[Result "1-0"]
[WhiteTitle "IM"]
[BlackTitle "FM"]
[WhiteElo "2405"]
[BlackElo "2316"]
[WhiteFideId "1057472"]
[BlackFideId "257257"]
[EventDate "2025.07.19"]

1. e4 c5 2. Nf3 g6 3. d4 cxd4 4. Nxd4 Bg7 5. c4 Nc6 6. Be3 Qb6 7. Nb3 Qd8 8. Nc3
Bxc3+ 9. bxc3 Nf6 10. f3 d6 11. Bh6 Be6 12. Be2 Rg8 13. Nd4 Qa5 14. Nxe6 fxe6
15. Bd2 Nd7 16. Qc2 g5 17. Rb1 Nc5 18. Be3 O-O-O 19. O-O Qc7 20. f4 gxf4 21.
Bxf4 e5 22. Be3 Qd7 23. Kh1 Kc7 24. Bh5 Rgf8 25. Bf7 e6 26. Bh5 Qe7 27. Bf3 b6
28. Qd2 Qe8 29. Rbd1 Qg6 30. Qe2 Na5 31. Bg1 Rf4 32. g3 Rff8 33. Rde1 Qg5 34.
Be3 Qg6 35. Bg2 h5 36. Rf3 Rxf3 37. Bxf3 Rh8 38. Rd1 Rf8 39. Bxc5 bxc5 40. Bxh5
Qg5 41. Bf3 Rb8 42. Kg2 Rb6 43. h4 Qg8 44. h5 Qg5 45. Qd2 Qxd2+ 46. Rxd2 Nxc4
47. Re2 Kd7 48. Rf2 Ke7 49. Be2 Ne3+ 50. Kf3 Nc2 51. Kg4 Rb8 52. h6 Rg8+ 53. Kh4
d5 54. g4 d4 55. g5 dxc3 56. h7 Rh8 57. g6 Nd4 58. Bd1 c2 59. Bxc2 Nxc2 60. Rxc2
Kf6 61. Kh5 Rc8 62. Rf2+ Kg7 63. Rf7+ Kh8 64. Kh6 c4 65. g7# 1-0

[Event "TP Chess Masters 2025"]
[Site "Ghent BEL"]
[Date "2025.07.19"]
[Round "1.3"]
[White "Dauw, Sterre"]
[Black "Fernandez, Daniel Howard"]
[Result "0-1"]
[WhiteTitle "FM"]
[BlackTitle "GM"]
[WhiteElo "2354"]
[BlackElo "2481"]
[WhiteFideId "248886"]
[BlackFideId "5801605"]
[EventDate "2025.07.19"]

1. e4 c5 2. Nf3 e6 3. d4 cxd4 4. Nxd4 a6 5. Bd3 Bc5 6. Nb3 Ba7 7. O-O Nc6 8. Qg4
Nf6 9. Qxg7 Rg8 10. Qh6 Ne5 11. N1d2 b5 12. h3 Bb7 13. Na5 Qxa5 14. Qxf6 Qc7 15.
a4 d5 16. Re1 Nxd3 17. cxd3 Rg6 18. Qh4 Kd7 19. Qxh7 Qf4 20. d4 Bxd4 0-1

[Event "TP Chess Masters 2025"]
[Site "Ghent BEL"]
[Date "2025.07.19"]
[Round "1.4"]
[White "Van Osch, Mees"]
[Black "Ruzhansky, Elias"]
[Result "1/2-1/2"]
[WhiteTitle "FM"]
[BlackTitle "FM"]
[WhiteElo "2347"]
[BlackElo "2320"]
[WhiteFideId "1035967"]
[BlackFideId "472824"]
[EventDate "2025.07.19"]

1. e4 c5 2. Nf3 d6 3. d4 cxd4 4. Nxd4 Nf6 5. Nc3 Nc6 6. Bc4 Bd7 7. Bb3 e6 8.
Ndb5 Qb8 9. Bf4 Ne5 10. Bg3 a6 11. Nd4 g5 12. Qd2 Rg8 13. O-O-O b5 14. f3 Qc7
15. h4 h6 16. hxg5 hxg5 17. a3 Rb8 18. Kb1 Qb7 19. Ka1 a5 20. a4 bxa4 21. Nxa4
Qc7 22. Qc3 Qxc3 23. Nxc3 Rb4 24. Na2 Rb8 25. Nc3 Rb4 26. Be1 a4 27. Ba2 Rb8 28.
Nb1 Ke7 29. c4 Bg7 30. Na3 Ne8 31. Bc3 Nc7 32. Rh7 Bf6 33. g3 Rh8 34. Rxh8 Bxh8
35. f4 gxf4 36. gxf4 Nc6 37. Nxc6+ Bxc6 38. e5 dxe5 39. fxe5 Be4 40. Bb1 Bxb1
41. Kxb1 f6 42. exf6+ Bxf6 43. Bxf6+ Kxf6 44. Rd6 Ke7 45. Rc6 Kd7 46. Rc5 Kd6
47. Ra5 Ra8 48. Rxa8 Nxa8 49. b3 axb3 50. Kb2 Kc5 51. Kxb3 Nb6 52. Kc3 e5 53.
Kd3 e4+ 54. Kxe4 Nxc4 55. Nxc4 Kxc4 1/2-1/2

[Event "TP Chess Masters 2025"]
[Site "Ghent BEL"]
[Date "2025.07.19"]
[Round "1.5"]
[White "Gormally, Daniel W"]
[Black "Van Volsem, Merlijn"]
[Result "1-0"]
[WhiteTitle "GM"]
[WhiteElo "2435"]
[BlackElo "2278"]
[WhiteFideId "406465"]
[BlackFideId "258806"]
[EventDate "2025.07.19"]

1. d4 e6 2. Nf3 Nf6 3. c4 c5 4. d5 exd5 5. cxd5 d6 6. Nc3 g6 7. e4 a6 8. h3 b5
9. Bd3 Bg7 10. O-O O-O 11. Bf4 Re8 12. Re1 b4 13. Nb1 Nh5 14. Bg5 Qc7 15. Qc2
Nd7 16. Nbd2 Nb6 17. a3 a5 18. axb4 axb4 19. Rxa8 Nxa8 20. Nc4 h6 21. Be3 Nb6
22. e5 Nxd5 23. Nxd6 Nxe3 24. Rxe3 Re7 25. Nxc8 Qxc8 26. Qc4 g5 27. e6 fxe6 28.
h4 g4 29. Ne5 Nf6 30. Ng6 Re8 31. Bf5 Qc7 32. Rxe6 Rxe6 33. Bxe6+ Kh7 34. Qc2
Bh8 35. Ne7+ Kg7 36. Qg6+ Kf8 37. Qf7# 1-0

[Event "TP Chess Masters 2025"]
[Site "Ghent BEL"]
[Date "2025.07.19"]
[Round "2.1"]
[White "Pijpers, Arthur"]
[Black "Van Volsem, Merlijn"]
[Result "1/2-1/2"]
[WhiteTitle "IM"]
[WhiteElo "2500"]
[BlackElo "2278"]
[WhiteFideId "1019554"]
[BlackFideId "258806"]
[EventDate "2025.07.19"]

1. e4 c5 2. Nf3 g6 3. d4 cxd4 4. Nxd4 Nc6 5. Nc3 Bg7 6. Be3 Nf6 7. Bc4 Qa5 8.
O-O O-O 9. Bb3 d6 10. h3 Bd7 11. Re1 Rac8 12. Nd5 Rfe8 13. Nxf6+ Bxf6 14. c3 Ne5
15. Qe2 Qa6 16. Qxa6 bxa6 17. Rad1 a5 18. Ne2 a4 19. Bc2 Nc4 20. Bc1 Rb8 21. b3
axb3 22. axb3 Na5 23. Be3 1/2-1/2

[Event "TP Chess Masters 2025"]
[Site "Ghent BEL"]
[Date "2025.07.19"]
[Round "2.2"]
[White "Victor, Julian"]
[Black "Dauw, Sterre"]
[Result "0-1"]
[WhiteTitle "FM"]
[BlackTitle "FM"]
[WhiteElo "2316"]
[BlackElo "2354"]
[WhiteFideId "257257"]
[BlackFideId "248886"]
[EventDate "2025.07.19"]

1. e4 c5 2. Nf3 d6 3. Nc3 Nf6 4. Bb5+ Bd7 5. Qe2 a6 6. Bxd7+ Nbxd7 7. a4 g6 8.
d3 Bg7 9. O-O O-O 10. Ne1 Ne5 11. f4 Nc6 12. g4 e6 13. Qg2 Nd4 14. Nf3 d5 15. g5
Ne8 16. exd5 exd5 17. Nxd4 Bxd4+ 18. Kh1 Nc7 19. f5 Re8 20. Bf4 Be5 21. Rf3 Qd6
22. Raf1 Bxf4 23. Rxf4 Re1 24. fxg6 Rxf1+ 25. Qxf1 fxg6 26. Qf3 Qe5 27. Rf7 Re8
28. Qf2 b5 29. axb5 axb5 30. Qf4 Qe1+ 31. Kg2 Ne6 32. Qf2 Qe5 33. h4 b4 34. Na4
d4 35. Rf3 Ng7 36. Nb6 Qe6 37. Nc4 Nf5 38. Rf4 Qd5+ 39. Kh2 Ne3 40. Nd2 Qe5 41.
Kg1 Nd1 42. Qf3 Qe3+ 43. Kh1 Qxd2 44. Qd5+ Kh8 45. Rf8+ Rxf8 46. Qe5+ Kg8 47.
Qe6+ Rf7 48. Qe8+ Kg7 49. Qe5+ Kf8 50. Qh8+ Ke7 51. Qe5+ Kd7 52. Qd5+ Ke8 53.
Qc6+ Kf8 54. Qd6+ Kg8 55. Qd8+ Kg7 0-1

[Event "TP Chess Masters 2025"]
[Site "Ghent BEL"]
[Date "2025.07.19"]
[Round "2.3"]
[White "Fernandez, Daniel Howard"]
[Black "Van Osch, Mees"]
[Result "1-0"]
[WhiteTitle "GM"]
[BlackTitle "FM"]
[WhiteElo "2481"]
[BlackElo "2347"]
[WhiteFideId "5801605"]
[BlackFideId "1035967"]
[EventDate "2025.07.19"]

1. Nf3 d5 2. g3 c5 3. Bg2 Nf6 4. O-O e6 5. d3 Nc6 6. e4 d4 7. e5 Nd5 8. Nbd2 Be7
9. Ne4 Qc7 10. Re1 Nxe5 11. Nxe5 Qxe5 12. Nxc5 Qd6 13. Nb3 Bf6 14. Qh5 Nb4 15.
Bf4 Qb6 16. Re2 O-O 17. Qc5 Qxc5 18. Nxc5 e5 19. Bxe5 Bxe5 20. Rxe5 Nxc2 21. Rc1
Nb4 22. Rc4 Nc6 23. Bxc6 bxc6 24. Rxd4 Bh3 25. f3 g6 26. Kf2 h5 27. g4 hxg4 28.
fxg4 f5 29. g5 Rfe8 30. Rxe8+ Rxe8 31. Rd6 Bg4 32. Rxg6+ Kh7 33. Re6 1-0

[Event "TP Chess Masters 2025"]
[Site "Ghent BEL"]
[Date "2025.07.19"]
[Round "2.4"]
[White "Dgebuadze, Alexandre"]
[Black "Grutter, Tim"]
[Result "1/2-1/2"]
[WhiteTitle "GM"]
[BlackTitle "IM"]
[WhiteElo "2396"]
[BlackElo "2405"]
[WhiteFideId "203882"]
[BlackFideId "1057472"]
[EventDate "2025.07.19"]

1. e4 e5 2. Nf3 Nc6 3. Nc3 Nf6 4. a3 g6 5. Bc4 Bg7 6. d3 h6 7. Nd5 d6 8. Be3
Nxd5 9. Bxd5 Ne7 10. Bb3 c5 11. Ba4+ Bd7 12. Bxd7+ Qxd7 13. b4 b6 14. bxc5 dxc5
15. a4 Nc6 16. a5 O-O 17. axb6 axb6 18. O-O Nd4 19. Rb1 Qc6 20. Rb2 b5 21. Nd2
Rfd8 22. Bxd4 exd4 23. Qb1 Ra5 24. Ra2 Rxa2 25. Qxa2 Ra8 26. Qb3 Ra4 27. Qd5
Qxd5 28. exd5 Bf8 29. g4 Ra2 30. Rc1 f5 31. gxf5 gxf5 32. Nf3 Bd6 33. Re1 Kf7
34. Re6 Bf4 35. Ne5+ Bxe5 36. Rxe5 Kf6 37. Re6+ Kf7 38. Re5 Kf6 39. Re6+ Kf7 1/2-1/2

[Event "TP Chess Masters 2025"]
[Site "Ghent BEL"]
[Date "2025.07.19"]
[Round "2.5"]
[White "Ruzhansky, Elias"]
[Black "Gormally, Daniel W"]
[Result "1/2-1/2"]
[WhiteTitle "FM"]
[BlackTitle "GM"]
[WhiteElo "2320"]
[BlackElo "2435"]
[WhiteFideId "472824"]
[BlackFideId "406465"]
[EventDate "2025.07.19"]

1. e4 c5 2. Nf3 d6 3. d4 cxd4 4. Nxd4 Nf6 5. Nc3 a6 6. Bd3 e5 7. Nde2 Be7 8. O-O
O-O 9. f4 Nc6 10. Kh1 exf4 11. Nxf4 Ne5 12. a4 Be6 13. Be3 Rc8 14. Bd4 Nc6 15.
Bg1 Ne5 16. Qe1 Nc4 17. Nxe6 fxe6 18. Bxc4 Rxc4 19. e5 dxe5 20. Qxe5 Qd6 21. Qe2
Qc6 22. Rae1 Bb4 23. Qxe6+ Qxe6 24. Rxe6 Bxc3 25. bxc3 Rxc3 26. Re7 Rf7 27. Rxf7
Kxf7 28. Rb1 b5 29. axb5 axb5 30. Rxb5 Rxc2 31. h3 Rd2 32. Kh2 1/2-1/2

[Event "TP Chess Masters 2025"]
[Site "Ghent BEL"]
[Date "2025.07.20"]
[Round "3.1"]
[White "Grutter, Tim"]
[Black "Pijpers, Arthur"]
[Result "1/2-1/2"]
[WhiteTitle "IM"]
[BlackTitle "IM"]
[WhiteElo "2405"]
[BlackElo "2500"]
[WhiteFideId "1057472"]
[BlackFideId "1019554"]
[EventDate "2025.07.19"]

1. e4 c5 2. Nf3 d6 3. d4 cxd4 4. Nxd4 Nf6 5. Nc3 g6 6. Be3 Bg7 7. f3 Nc6 8. Qd2
O-O 9. O-O-O d5 10. exd5 Nxd5 11. Nxc6 bxc6 12. Bd4 Bxd4 13. Qxd4 Qb6 14. Na4
Qc7 15. Bc4 Rd8 16. Nc5 Bf5 17. Bb3 Nb6 18. Qe3 Rxd1+ 19. Rxd1 Qxh2 20. g4 Nd5
21. Qd2 Qxd2+ 22. Kxd2 Bc8 23. Ba4 Rb8 24. Bxc6 1/2-1/2

[Event "TP Chess Masters 2025"]
[Site "Ghent BEL"]
[Date "2025.07.20"]
[Round "3.2"]
[White "Dauw, Sterre"]
[Black "Dgebuadze, Alexandre"]
[Result "1-0"]
[WhiteTitle "FM"]
[BlackTitle "GM"]
[WhiteElo "2354"]
[BlackElo "2396"]
[WhiteFideId "248886"]
[BlackFideId "203882"]
[EventDate "2025.07.19"]

1. e4 e6 2. d4 d5 3. Nd2 a6 4. c3 c5 5. dxc5 Nf6 6. exd5 Bxc5 7. Ngf3 exd5 8.
Nb3 Bb6 9. Be2 O-O 10. O-O Re8 11. Nfd4 Qd6 12. Bf3 Nbd7 13. Nf5 Qe5 14. Ne3 Bc7
15. g3 Nb6 16. Bg2 Bd7 17. Nd4 Ne4 18. a4 a5 19. Nb5 Bxb5 20. axb5 Bd6 21. f3
Nxc3 22. f4 Nxd1 23. fxe5 Nxe3 24. Bxe3 Nc4 25. Bxd5 Nxe5 26. Bxb7 Rab8 27. Ba6
Nc4 28. Bf2 Be5 29. Ra4 Nxb2 30. Rxa5 Nc4 31. Ra2 Nb6 32. Rd1 h5 33. Kg2 Re6 34.
Rc2 g6 35. Rc6 Kg7 36. Re1 Rxc6 37. bxc6 Kf6 38. Rxe5 Kxe5 39. c7 Ra8 40. Bxb6 1-0

[Event "TP Chess Masters 2025"]
[Site "Ghent BEL"]
[Date "2025.07.20"]
[Round "3.3"]
[White "Van Osch, Mees"]
[Black "Victor, Julian"]
[Result "1-0"]
[WhiteTitle "FM"]
[BlackTitle "FM"]
[WhiteElo "2347"]
[BlackElo "2316"]
[WhiteFideId "1035967"]
[BlackFideId "257257"]
[EventDate "2025.07.19"]

1. e4 c6 2. d4 d5 3. e5 Bf5 4. h4 Qb6 5. c4 e6 6. Nc3 h6 7. c5 Qc7 8. b4 b6 9.
Bd3 Bxd3 10. Qxd3 a5 11. cxb6 Qxb6 12. b5 cxb5 13. Nxb5 Nc6 14. Rb1 Nb4 15. Qe2
Rb8 16. a4 h5 17. Nf3 Nh6 18. Bxh6 Rxh6 19. O-O Be7 20. Ng5 Rc8 21. Rfc1 Rc6 22.
Qf3 f5 23. exf6 Rxf6 24. Qxh5+ Kd7 25. Nf3 Nd3 26. Rd1 1-0

[Event "TP Chess Masters 2025"]
[Site "Ghent BEL"]
[Date "2025.07.20"]
[Round "3.4"]
[White "Gormally, Daniel W"]
[Black "Fernandez, Daniel Howard"]
[Result "0-1"]
[WhiteTitle "GM"]
[BlackTitle "GM"]
[WhiteElo "2435"]
[BlackElo "2481"]
[WhiteFideId "406465"]
[BlackFideId "5801605"]
[EventDate "2025.07.19"]

1. d4 Nf6 2. Nf3 e6 3. c4 Bb4+ 4. Nbd2 O-O 5. a3 Be7 6. g3 d5 7. Bg2 a5 8. O-O
a4 9. Qc2 Nc6 10. Rd1 Bd7 11. e4 h6 12. cxd5 exd5 13. e5 Nh7 14. Nf1 Na5 15. Ne3
Nb3 16. Rb1 c6 17. Bf1 g6 18. h4 h5 19. Bd2 Nxd2 20. Rxd2 Kg7 21. Bd3 Rh8 22.
Ng2 Nf8 23. Nf4 Ne6 24. Nxe6+ Bxe6 25. Ne1 Qb6 26. Ng2 Qxd4 27. Nf4 Bg4 28. e6
Bd6 29. Bxg6 Qf6 0-1

[Event "TP Chess Masters 2025"]
[Site "Ghent BEL"]
[Date "2025.07.20"]
[Round "3.5"]
[White "Van Volsem, Merlijn"]
[Black "Ruzhansky, Elias"]
[Result "0-1"]
[BlackTitle "FM"]
[WhiteElo "2278"]
[BlackElo "2320"]
[WhiteFideId "258806"]
[BlackFideId "472824"]
[EventDate "2025.07.19"]

1. d4 d5 2. c4 e6 3. Nc3 a6 4. cxd5 exd5 5. Nf3 Nf6 6. Bg5 Be6 7. e3 Nbd7 8. Bd3
c6 9. h3 Bd6 10. Bf4 Qc7 11. Qd2 O-O 12. O-O Rfe8 13. Rac1 g6 14. Rfe1 Nh5 15.
Bxd6 Qxd6 16. Na4 Ng7 17. b4 Bf5 18. Nc5 Bxd3 19. Qxd3 Nxc5 20. bxc5 Qd8 21. Rb1
Re7 22. Rb6 Rc8 23. Reb1 Rcc7 24. R1b4 Ne6 25. Qb1 Qa8 26. g3 Nd8 27. Kg2 Qc8
28. h4 Kg7 29. Ne5 f6 30. Nf3 Qg4 31. Qd3 Nf7 32. Nh2 Qe6 33. Nf3 Qg4 34. Qb1
Nd8 35. Rb2 Qd7 36. Ng1 Nf7 37. R6b3 Nh6 38. Ne2 Nf7 39. f3 Nh6 40. g4 Nf7 41.
Nf4 Nd8 42. Kf2 Ne6 43. Ne2 Rf7 44. f4 Nd8 45. f5 Re7 46. Kf3 Qe8 47. Ng3 Nf7
48. fxg6 hxg6 49. h5 Ng5+ 50. Kg2 Ne4 51. Nxe4 Rxe4 52. Rxb7 Rxb7 53. Rxb7+ Kh6
54. hxg6 Qxg6 55. Qh1+ Kg5 56. Qh8 Rxg4+ 57. Kh3 Rg1 58. Qg7 Kf5 59. Qxg6+ Rxg6
60. Rb6 Ke4 61. Rxc6 Kf3 62. Kh2 Kf2 63. Kh3 Kf3 64. Kh2 Kf2 65. Kh3 Kf3 66. Kh2
Rg2+ 67. Kh1 Rxa2 68. Rxf6+ Kxe3 69. Rf1 Rc2 70. Rd1 a5 71. Kg1 a4 72. Ra1 Rc4
73. Kf1 Kxd4 74. c6 Kc5 75. c7 Kb5 76. Rb1+ Ka5 77. Rb7 Ka6 78. Rb4 Rxc7 79.
Rxa4+ Kb5 80. Ra8 Re7 81. Rc8 Kb4 82. Kf2 d4 83. Kf3 Kb3 84. Kf2 d3 85. Rc6 d2
86. Rb6+ Kc2 87. Rc6+ Kd1 88. Rf6 Rd7 0-1

[Event "TP Chess Masters 2025"]
[Site "Ghent BEL"]
[Date "2025.07.20"]
[Round "4.1"]
[White "Pijpers, Arthur"]
[Black "Ruzhansky, Elias"]
[Result "0-1"]
[WhiteTitle "IM"]
[BlackTitle "FM"]
[WhiteElo "2500"]
[BlackElo "2320"]
[WhiteFideId "1019554"]
[BlackFideId "472824"]
[EventDate "2025.07.19"]

1. e4 c5 2. Nf3 d6 3. d4 cxd4 4. Nxd4 Nf6 5. Nc3 Nc6 6. Bg5 Bd7 7. Qd2 a6 8.
O-O-O e6 9. f3 Nxd4 10. Qxd4 Be7 11. Kb1 Qc7 12. Qd2 b5 13. h4 h6 14. Be3 h5 15.
Bd3 b4 16. Ne2 a5 17. Bg5 Qc5 18. Rc1 a4 19. Be3 Qa5 20. Rhg1 e5 21. c4 Be6 22.
Qe1 Nd7 23. Bd2 Qb6 24. Bxb4 Bxh4 25. g3 Be7 26. a3 Qe3 27. Qd2 Qxd2 28. Bxd2
Nc5 29. Kc2 Kd7 30. Nc3 Rab8 31. Be2 Nb3 32. Nxa4 Rhc8 33. Kd3 Nxd2 34. Kxd2
Bg5+ 35. Kc3 Bxc1 36. Rxc1 Bxc4 0-1

[Event "TP Chess Masters 2025"]
[Site "Ghent BEL"]
[Date "2025.07.20"]
[Round "4.2"]
[White "Fernandez, Daniel Howard"]
[Black "Van Volsem, Merlijn"]
[Result "1-0"]
[WhiteTitle "GM"]
[WhiteElo "2481"]
[BlackElo "2278"]
[WhiteFideId "5801605"]
[BlackFideId "258806"]
[EventDate "2025.07.19"]

1. g3 c5 2. Bg2 g6 3. e3 Bg7 4. Ne2 Nf6 5. O-O O-O 6. d4 d5 7. h3 Nc6 8. dxc5
Qa5 9. Nd4 Qxc5 10. b3 Re8 11. Bb2 e5 12. Ne2 Be6 13. Nd2 Red8 14. a3 a5 15. Nf3
Ne4 16. Kh2 b5 17. Ne1 b4 18. Nd3 Qb6 19. axb4 axb4 20. Qc1 Nd6 21. Rd1 h6 22.
Rxa8 Rxa8 23. Qd2 e4 24. Bxg7 exd3 25. Bd4 Nxd4 26. Nxd4 dxc2 27. Qxc2 Rc8 28.
Qe2 Ne4 29. Ra1 Bd7 30. Bxe4 dxe4 31. Qa6 Qc5 32. Qb7 Be8 33. Qxe4 Qc3 34. Ra8
Bd7 35. h4 Qe1 36. Rxc8+ Bxc8 37. Kg2 Kg7 38. Qe5+ Kh7 39. Qc7 Bh3+ 40. Kxh3
Qh1+ 41. Kg4 Qe4+ 42. Kh3 Qh1+ 43. Kg4 Qe4+ 44. f4 1-0

[Event "TP Chess Masters 2025"]
[Site "Ghent BEL"]
[Date "2025.07.20"]
[Round "4.3"]
[White "Victor, Julian"]
[Black "Gormally, Daniel W"]
[Result "0-1"]
[WhiteTitle "FM"]
[BlackTitle "GM"]
[WhiteElo "2316"]
[BlackElo "2435"]
[WhiteFideId "257257"]
[BlackFideId "406465"]
[EventDate "2025.07.19"]

1. e4 c5 2. Nf3 d6 3. d4 cxd4 4. Nxd4 Nf6 5. Nc3 a6 6. Nb3 e6 7. Be3 Be7 8. g4
h5 9. gxh5 Nxh5 10. Be2 Nf6 11. Qd2 b5 12. e5 b4 13. exf6 bxc3 14. bxc3 Bxf6 15.
Bf3 d5 16. O-O-O Nd7 17. Bxd5 exd5 18. Qxd5 Rb8 19. Bf4 O-O 20. Bxb8 Nxb8 21.
Qh5 Qc7 22. Rd3 Nc6 23. Rg1 Qf4+ 24. Kb1 Ne5 25. Rd4 Qf3 0-1

[Event "TP Chess Masters 2025"]
[Site "Ghent BEL"]
[Date "2025.07.20"]
[Round "4.4"]
[White "Dgebuadze, Alexandre"]
[Black "Van Osch, Mees"]
[Result "1-0"]
[WhiteTitle "GM"]
[BlackTitle "FM"]
[WhiteElo "2396"]
[BlackElo "2347"]
[WhiteFideId "203882"]
[BlackFideId "1035967"]
[EventDate "2025.07.19"]

1. e4 c5 2. Nf3 e6 3. d4 cxd4 4. Nxd4 Nf6 5. Nc3 Nc6 6. a3 Be7 7. Be2 O-O 8. O-O
d6 9. Be3 a6 10. Kh1 e5 11. Nb3 Be6 12. Qe1 b5 13. f4 b4 14. fxe5 dxe5 15. Rd1
Qb8 16. Nd5 bxa3 17. Nxf6+ Bxf6 18. Rxf6 gxf6 19. Bh6 Ne7 20. Qh4 Rd8 21. Qxf6 1-0

[Event "TP Chess Masters 2025"]
[Site "Ghent BEL"]
[Date "2025.07.20"]
[Round "4.5"]
[White "Grutter, Tim"]
[Black "Dauw, Sterre"]
[Result "1/2-1/2"]
[WhiteTitle "IM"]
[BlackTitle "FM"]
[WhiteElo "2405"]
[BlackElo "2354"]
[WhiteFideId "1057472"]
[BlackFideId "248886"]
[EventDate "2025.07.19"]

1. e4 c5 2. Nf3 d6 3. Nc3 Nf6 4. e5 dxe5 5. Nxe5 a6 6. g3 Qc7 7. d4 cxd4 8. Qxd4
Nc6 9. Nxc6 Qxc6 10. Bg5 Nd7 11. O-O-O f6 12. Bg2 Qxg2 13. Nd5 fxg5 14. Nc7+ Kf7
15. Qc4+ Kg6 16. Qd3+ Kf7 17. Qc4+ Kg6 18. Qd3+ Kf7 19. Qb3+ Kg6 20. Qd3+ 1/2-1/2

[Event "TP Chess Masters 2025"]
[Site "Ghent BEL"]
[Date "2025.07.21"]
[Round "5.1"]
[White "Dauw, Sterre"]
[Black "Pijpers, Arthur"]
[Result "1/2-1/2"]
[WhiteTitle "FM"]
[BlackTitle "IM"]
[WhiteElo "2354"]
[BlackElo "2500"]
[WhiteFideId "248886"]
[BlackFideId "1019554"]
[EventDate "2025.07.19"]

1. d4 Nf6 2. c4 g6 3. Nc3 d5 4. Nf3 Bg7 5. Bf4 O-O 6. e3 c5 7. dxc5 Ne4 8. Rc1
Nd7 9. cxd5 Qa5 10. Nd2 Ndxc5 11. Nc4 Nxc3 12. Nxa5 Nxd1 13. Rxc5 Nxb2 14. Rc7
Na4 15. e4 Nc3 16. f3 a6 17. Rxe7 Bf6 18. Rc7 Bd8 19. Rxc3 Bxa5 20. Bd2 Bxc3 21.
Bxc3 Bd7 1/2-1/2

[Event "TP Chess Masters 2025"]
[Site "Ghent BEL"]
[Date "2025.07.21"]
[Round "5.2"]
[White "Van Osch, Mees"]
[Black "Grutter, Tim"]
[Result "1-0"]
[WhiteTitle "FM"]
[BlackTitle "IM"]
[WhiteElo "2347"]
[BlackElo "2405"]
[WhiteFideId "1035967"]
[BlackFideId "1057472"]
[EventDate "2025.07.19"]

1. e4 e5 2. Nf3 Nc6 3. Nc3 Nf6 4. Bb5 Bd6 5. d3 O-O 6. a3 Nd4 7. Bc4 c6 8. Nxd4
exd4 9. Ne2 Bc7 10. Bf4 Bxf4 11. Nxf4 d5 12. exd5 Re8+ 13. Kf1 cxd5 14. Bb3 Bg4
15. f3 Qd6 16. Ne2 Re3 17. Nxd4 Rae8 18. c3 Qf4 19. Kg1 Bf5 20. g3 Qe5 21. Kf2
Rxd3 22. Qe1 Qd6 23. Qc1 Qb6 24. Rd1 Nd7 25. Rxd3 Bxd3 26. Kg2 Qd6 27. Qd2 Nc5
28. Re1 Re5 29. Ba2 Rxe1 30. Qxe1 g6 31. Qe8+ Kg7 32. Qe3 Bc4 33. b3 Ba6 34. b4
Nd7 35. b5 Qxa3 36. Qd2 Nf6 37. bxa6 Qxa6 38. Bb3 Qb6 39. g4 h6 40. h4 Qd6 41.
h5 Qe5 42. hxg6 fxg6 43. Qf4 Qe1 44. Qc7+ Kf8 45. Qd6+ Qe7 46. Ne6+ Kf7 47. Nd8+
Ke8 48. Qxe7+ Kxe7 49. Nxb7 g5 50. Kf2 Ke6 51. Nd8+ Ke7 52. Nc6+ Kd6 53. Nxa7
Kc5 54. Ke3 h5 55. gxh5 Nxh5 56. Nc8 Nf4 57. Ne7 Ng2+ 58. Kf2 Nf4 59. Nxd5 Nd3+
60. Ke3 Nc1 61. Bc2 Kxd5 62. Kd2 Kc4 63. Kxc1 Kxc3 64. Bf5 Kd4 65. Bg4 Kc3 66.
Kd1 Kd3 67. Ke1 Ke3 68. Kf1 Kd3 69. Kf2 Kd2 70. Bf5 1-0

[Event "TP Chess Masters 2025"]
[Site "Ghent BEL"]
[Date "2025.07.21"]
[Round "5.3"]
[White "Gormally, Daniel W"]
[Black "Dgebuadze, Alexandre"]
[Result "1/2-1/2"]
[WhiteTitle "GM"]
[BlackTitle "GM"]
[WhiteElo "2435"]
[BlackElo "2396"]
[WhiteFideId "406465"]
[BlackFideId "203882"]
[EventDate "2025.07.19"]

1. d4 Nf6 2. c4 e6 3. Nc3 Bb4 4. a3 Bxc3+ 5. bxc3 O-O 6. e3 Nc6 7. Bd3 e5 8. Ne2
e4 9. Bc2 Na5 10. Ng3 Nxc4 11. Nxe4 Nxe4 12. Bxe4 d5 13. Bd3 Nd6 14. Qh5 f5 15.
O-O Bd7 16. a4 Rf6 17. Qe2 Qe8 18. Bc2 f4 19. f3 fxe3 20. Qxe3 Qf7 1/2-1/2